[Event "Guegnon op"]
[Site "Guegnon"]
[Date "2004.02.28"]
[Round "1"]
[White "Laure, Julien"]
[Black "Solodovnichenko, Yuri"]
[Result "0-1"]
[WhiteElo "1830"]
[BlackElo "2474"]
[PlyCount "46"]
[EventDate "2004.02.28"]
[EventType "swiss"]
[EventRounds "6"]
[EventCountry "FRA"]
[SourceTitle "CBM 099 Extra"]
[Source "ChessBase"]
[SourceDate "2004.05.04"]
[SourceVersion "1"]
[SourceVersionDate "2004.05.04"]
[SourceQuality "1"]

1. c4 Nf6 2. g3 c6 3. Bg2 d5 4. Nf3 dxc4 5. Qc2 b5 6. b3 cxb3 7. axb3 e6 8. 0-0 Bb7 9. d4 Be7 10. Ba3 b4 11. Bb2 Nbd7 12. Nbd2 0-0 13. Nc4 c5 14. Rfd1 Qc7 15. Nfe5 Bxg2 16. Kxg2 cxd4 17. Nxd7 Nxd7 18. Bxd4 Bf6 19. Ra4 Bxd4 20. Rxd4 a5 21. Qa2 Nc5 22. Rxa5 Rxa5 23. Qxa5 Qb7+ 0-1